| 000 | 00330cam a22001097a 4500 | ||
|---|---|---|---|
| 008 | 180718b1979 xxu||||| |||| 00| 0 eng d | ||
| 082 | _aB135x54 B556 | ||
| 100 | _aBjorkman, James Warner | ||
| 245 |
_aPoliotics of administrative alienation _cby James Warner Bjorkman |
||
| 260 |
_aDelhi _bAjanta Publications _c1979 |
||
| 300 | _a368+p. | ||
| 999 |
_c427862 _d427862 |
||